[Event "Arco op 41st"]
[Site "Arco"]
[Date "2019.10.10"]
[Round "7"]
[White "Behling, Robert"]
[Black "Kostov, Deyan Samuil"]
[Result "1/2-1/2"]
[WhiteElo "2062"]
[BlackElo "1934"]
[PlyCount "109"]
[EventDate "2019.10.04"]
[EventType "swiss"]
[EventRounds "9"]
[EventCountry "ITA"]
[SourceTitle "EXT 2020"]
[Source "ChessBase"]
[SourceDate "2019.10.17"]
[SourceVersion "1"]
[SourceVersionDate "2019.10.17"]
[SourceQuality "1"]

1. Nf3 d5 2. g3 c5 3. Bg2 Nf6 4. c4 e6 5. cxd5 exd5 6. d4 Be6 7. 0-0 Nc6 8. b3 Be7 9. Bb2 0-0 10. dxc5 Bxc5 11. Nd4 Qb6 12. Nxc6 bxc6 13. Bxf6 gxf6 14. Nc3 Ba3 15. Qd3 Rfe8 16. h3 Rad8 17. Rad1 Kg7 18. e3 Qa5 19. Qc2 Bc8 20. Rd4 Bd6 21. Rh4 h6 22. Rd1 Re5 23. Ne2 Qb6 24. Nd4 Bd7 25. Bf3 Rg5 26. Bg4 f5 27. Bf3 Rg8 28. Rh5 Rxh5 29. Bxh5 Kf6 30. Kg2 Qc7 31. Ne2 Rg5 32. Bf3 Be5 33. h4 Rg8 34. Rc1 Qd6 35. Qc5 Qb8 36. Kf1 Bd6 37. Qd4+ Be5 38. Qa4 Qb7 39. Nf4 Rb8 40. Nd3 Qb5 41. Qxb5 Rxb5 42. Nxe5 Kxe5 43. Ke2 c5 44. Kd2 Kd6 45. Kc3 Be6 46. Be2 Rb4 47. Rb1 d4+ 48. exd4 Rxd4 49. Rd1 Rxd1 50. Bxd1 Ke5 51. Bf3 f4 52. Kd3 a5 53. Bc6 f5 54. Bf3 fxg3 55. fxg3 1/2-1/2

[Event "Feffernitz op 28th"]
[Site "Feffernitz"]
[Date "2019.08.18"]
[Round "2"]
[White "Behling, Robert"]
[Black "Solodovnichenko, Yuri"]
[Result "1/2-1/2"]
[WhiteElo "2048"]
[BlackElo "2570"]
[PlyCount "99"]
[EventDate "2019.08.18"]
[EventType "swiss"]
[EventRounds "9"]
[EventCountry "AUT"]
[SourceTitle "EXT 2020"]
[Source "ChessBase"]
[SourceDate "2019.10.17"]
[SourceVersion "1"]
[SourceVersionDate "2019.10.17"]
[SourceQuality "1"]

1. c4 e5 2. Nc3 d6 3. Nf3 f5 4. d4 e4 5. Ng1 c6 6. Nh3 Be7 7. Nf4 Nf6 8. h4 Na6 9. e3 Nc7 10. Be2 Ne6 11. Nxe6 Bxe6 12. g3 0-0 13. Bd2 Bf7 14. Kf1 a6 15. a4 c5 16. dxc5 dxc5 17. a5 Qd6 18. Qb3 Rad8 19. Kg2 Qc6 20. Rhd1 h6 21. Na4 Bh5 22. Bxh5 Nxh5 23. Qb6 Nf6 24. Qxc6 bxc6 25. Bc3 Ng4 26. Kf1 g5 27. hxg5 hxg5 28. Ke2 Bd6 29. Rd2 Kf7 30. Rh1 Ke6 31. Rhd1 Ke7 32. Rh1 Rf7 33. f4 Rg8 34. Rh5 gxf4 35. gxf4 Rg6 36. Nb6 Ke6 37. Rh8 Rh6 38. Nc8 Bf8 39. Rxh6+ Nxh6 40. Rd8 Ng4 41. b3 Be7 42. Rh8 Bf8 43. Nb6 Bd6 44. Re8+ Re7 45. Rh8 Rb7 46. Re8+ Re7 47. Rh8 Rb7 48. Re8+ Re7 49. Rh8 Rb7 50. Re8+ 1/2-1/2

[Event "Arco op 40th"]
[Site "Arco"]
[Date "2018.10.19"]
[Round "7"]
[White "Behling, Robert"]
[Black "Knitl, Anton"]
[Result "1/2-1/2"]
[WhiteElo "2065"]
[BlackElo "2191"]
[PlyCount "28"]
[EventDate "2018.10.13"]
[EventType "swiss"]
[EventRounds "9"]
[EventCountry "ITA"]
[SourceTitle "CBM 186 Extra"]
[Source "ChessBase"]
[SourceDate "2018.08.24"]
[SourceVersion "1"]
[SourceVersionDate "2018.08.24"]
[SourceQuality "1"]

1. c4 Nf6 2. Nc3 e6 3. e4 d5 4. e5 d4 5. exf6 dxc3 6. bxc3 Qxf6 7. d4 e5 8. Nf3 exd4 9. Bg5 Qd6 10. cxd4 Qe6+ 11. Be2 Bb4+ 12. Bd2 Bxd2+ 13. Qxd2 0-0 14. 0-0 Qf6 1/2-1/2

[Event "Arco op-A 39th"]
[Site "Arco"]
[Date "2017.10.09"]
[Round "3"]
[White "Kasparov, Sergey"]
[Black "Behling, Robert"]
[Result "1-0"]
[WhiteElo "2450"]
[BlackElo "2081"]
[PlyCount "75"]
[EventDate "2017.10.07"]
[EventType "swiss"]
[EventRounds "9"]
[EventCountry "ITA"]
[SourceTitle "CBM 181 Extra"]
[Source "ChessBase"]
[SourceDate "2017.12.12"]
[SourceVersion "1"]
[SourceVersionDate "2017.12.12"]
[SourceQuality "1"]

1. e4 c6 2. d4 d5 3. Nc3 dxe4 4. Nxe4 Bf5 5. Ng3 Bg6 6. N3e2 Nf6 7. Nf4 e5 8. Nxg6 hxg6 9. Nf3 exd4 10. Nxd4 Bd6 11. Qe2+ Kf8 12. Be3 Qa5+ 13. c3 Nbd7 14. g3 Re8 15. Bg2 Nb6 16. Nb3 Qe5 17. Rd1 Nbd5 18. Rd3 g5 19. Nd2 Qf5 20. 0-0 g4 21. Rd1 Kg8 22. Nf1 Bc5 23. Qd2 Nxe3 24. Nxe3 Qh5 25. Nf1 Rh6 26. b4 Bb6 27. c4 Ne4 28. Bxe4 Rxe4 29. c5 Bc7 30. Rd7 Qe5 31. Ne3 Qh5 32. Nf1 Qe5 33. a3 Re2 34. Qd4 Rf6 35. Qxg4 Rfxf2 36. Qh3 f6 37. Rxg7+ Kxg7 38. Rd7+ 1-0

[Event "Arco op-A 39th"]
[Site "Arco"]
[Date "2017.10.07"]
[Round "1"]
[White "Spagnuolo, Deborah"]
[Black "Behling, Robert"]
[Result "0-1"]
[WhiteElo "1655"]
[BlackElo "2081"]
[PlyCount "68"]
[EventDate "2017.10.07"]
[EventType "swiss"]
[EventRounds "9"]
[EventCountry "ITA"]
[SourceTitle "CBM 181 Extra"]
[Source "ChessBase"]
[SourceDate "2017.12.12"]
[SourceVersion "1"]
[SourceVersionDate "2017.12.12"]
[SourceQuality "1"]

1. e4 c6 2. d4 d5 3. e5 Bf5 4. Nf3 e6 5. Bd3 Bxd3 6. Qxd3 Qa5+ 7. Nc3 Qa6 8. Qxa6 Nxa6 9. a3 Nc7 10. Bg5 h6 11. Be3 Ne7 12. Nh4 Nf5 13. Nxf5 exf5 14. f4 Be7 15. Ne2 h5 16. h4 Ne6 17. g3 b6 18. Rd1 0-0 19. 0-0 Rfd8 20. c3 b5 21. b4 a5 22. Ra1 Kf8 23. Ra2 axb4 24. cxb4 Bxb4 25. Rfa1 Ba5 26. Rc2 Rdc8 27. Rac1 Ra6 28. Kg2 Ke8 29. Nc3 Bxc3 30. Rxc3 Kd7 31. Bf2 Ra4 32. Rd1 Rca8 33. Rdd3 Rc4 34. Rb3 Raa4 0-1

[Event "Landesliga Sued 1617"]
[Site "Bayern"]
[Date "2017.02.19"]
[Round "6.7"]
[White "Giss, Arthur"]
[Black "Behling, Robert"]
[Result "1-0"]
[WhiteElo "2006"]
[BlackElo "2064"]
[PlyCount "90"]
[EventDate "2016.10.16"]
[EventType "team-tourn"]
[EventRounds "9"]
[EventCountry "GER"]
[SourceTitle "EXT 2019"]
[Source "ChessBase"]
[SourceDate "2018.10.10"]
[SourceVersion "1"]
[SourceVersionDate "2018.10.10"]
[SourceQuality "1"]
[WhiteTeam "Dillingen"]
[BlackTeam "Haunstetten"]
[WhiteTeamCountry "GER"]
[BlackTeamCountry "GER"]

1. e4 c6 2. d4 d5 3. exd5 cxd5 4. Bd3 Nc6 5. c3 Qc7 6. Nf3 Bg4 7. 0-0 e6 8. h3 Bh5 9. Re1 Bd6 10. Nbd2 Nf6 11. Nf1 Bg6 12. Bg5 Bxd3 13. Qxd3 Ne4 14. Bh4 h6 15. N3d2 g5 16. Bg3 Nxg3 17. Nxg3 Bxg3 18. fxg3 Ne7 19. Qf3 0-0 20. Qf6 Ng6 21. Kh2 Qe7 22. Qf3 Kg7 23. Re3 Qf6 24. Qe2 Ne7 25. Rf1 Qg6 26. Nf3 Nf5 27. Rd3 f6 28. g4 Nd6 29. Nd2 Ne4 30. Nxe4 dxe4 31. Rdd1 f5 32. Rde1 Rae8 33. Qb5 Re7 34. Qe5+ Qf6 35. Rxe4 Qxe5+ 36. Rxe5 fxg4 37. Rxf8 Kxf8 38. hxg4 Kf7 39. Kg3 Kf6 40. Kf3 Rf7 41. Ke2 Rh7 42. Re3 h5 43. gxh5 Kf5 44. Kf3 g4+ 45. Kg3 Rg7 1-0